| 000 | 00899nam a22002297a 4500 | ||
|---|---|---|---|
| 999 |
_c15619 _d15619 |
||
| 003 | AR-CdUCM | ||
| 008 | 190429b ||||| |||| 00| 0 spa d | ||
| 040 |
_aMUNICIPALIDAD PROVINCIAL DEL CUSCO _cBIBLIOTECA MUNICIPAL DEL CUSCO |
||
| 082 |
_a985.012 / _bV39 / 1988 |
||
| 100 |
_aVega, Juan José _9819 |
||
| 245 | _aLos tallanes / | ||
| 260 |
_aLima : _bUniversidad Nacional de Educación, _c1988. |
||
| 300 |
_a23 páginas ; _c22 cm. |
||
| 505 | _aContenido: Estudio de la cultura Tallán localizada en las partes bajas y medias de las cuencas de los ríos Chira y Piura y en caletas dispersas de la costa. | ||
| 650 |
_aTallanes _934742 |
||
| 650 |
_aVida y costumbres sociales _9857 |
||
| 650 |
_aIndígenas del Perú _95715 |
||
| 650 |
_aPiura _95752 |
||
| 710 |
_aUniversidad Nacional de Educación Enrique Guzmán y Valle (Lima) _934743 |
||
| 942 |
_2ddc _cLIBROS |
||
| 945 |
_aacv _d2019-04-29 |
||